000 00849aam a2200373 4500
005 20251114095819.0
008 150715b2003 xxu||||| |||| 00| 0 spa d
020 _a9702404347
041 _aESP
082 _a512 C314a
100 _aCarreño Campos, Ximena
_931315
100 _aCruz Schmidt, Ximena
_931316
245 _aÁlgebra
260 _aMéxico
260 _bPublicaciones Cultural
260 _c2003
300 _a586 páginas
490 _aTemática General
650 _aÁLGEBRA
650 _aRELACIONES Y FUNCIONES
650 _aNÚMEROS REALES
650 _aPOTENCIAS
650 _aECUACIONES
650 _aPOLINOMIOS
650 _aTRIGONOMETRÍA
650 _aVECTORES
650 _aMATRICES
942 _cBK
_2ddc
999 _c1748
_d1748